<?xml version="1.0" encoding="UTF-8"?>
<record
    xmlns:xsi="http://www.w3.org/2001/XMLSchema-instance"
    xsi:schemaLocation="http://www.loc.gov/MARC21/slim http://www.loc.gov/standards/marcxml/schema/MARC21slim.xsd"
    xmlns="http://www.loc.gov/MARC21/slim">

  <leader>00513nam a22001577a 4500</leader>
  <controlfield tag="005">20220401115547.0</controlfield>
  <controlfield tag="008">220401b           ||||| |||| 00| 0 eng d</controlfield>
  <datafield tag="040" ind1=" " ind2=" ">
    <subfield code="c">OCLC</subfield>
  </datafield>
  <datafield tag="082" ind1=" " ind2=" ">
    <subfield code="2">DDC</subfield>
    <subfield code="a">891.491</subfield>
    <subfield code="b">BOR</subfield>
  </datafield>
  <datafield tag="100" ind1=" " ind2=" ">
    <subfield code="a">BORAH, DR. MAHENDRA</subfield>
    <subfield code="e">EDITOR</subfield>
  </datafield>
  <datafield tag="245" ind1=" " ind2=" ">
    <subfield code="a">ASOMIYA KABITA CHAYAN ( UCHATTAR MADHYAMIK PATHYAKRAM R ANTARGATA)</subfield>
    <subfield code="c">AN ASSAMESE POETICAL ANTHOLOGY</subfield>
    <subfield code="h">ASSAMESE</subfield>
  </datafield>
  <datafield tag="250" ind1=" " ind2=" ">
    <subfield code="a">10TH</subfield>
  </datafield>
  <datafield tag="260" ind1=" " ind2=" ">
    <subfield code="a">DIBRUGARH</subfield>
    <subfield code="b">DIBRUGARH UNIVERSITY CO- ORDINATION COMMITTEE</subfield>
    <subfield code="c">1987</subfield>
  </datafield>
  <datafield tag="300" ind1=" " ind2=" ">
    <subfield code="a">102p;</subfield>
    <subfield code="c">20CM</subfield>
  </datafield>
  <datafield tag="942" ind1=" " ind2=" ">
    <subfield code="2">ddc</subfield>
    <subfield code="c">BK</subfield>
  </datafield>
  <datafield tag="999" ind1=" " ind2=" ">
    <subfield code="c">25221</subfield>
    <subfield code="d">25221</subfield>
  </datafield>
  <datafield tag="952" ind1=" " ind2=" ">
    <subfield code="0">1</subfield>
    <subfield code="1">0</subfield>
    <subfield code="2">ddc</subfield>
    <subfield code="4">0</subfield>
    <subfield code="7">0</subfield>
    <subfield code="8">REFASM</subfield>
    <subfield code="a">MAIN</subfield>
    <subfield code="b">MAIN</subfield>
    <subfield code="c">ASRK</subfield>
    <subfield code="d">2022-02-18</subfield>
    <subfield code="e">BBMC</subfield>
    <subfield code="g">12.00</subfield>
    <subfield code="o">891.491 BOR</subfield>
    <subfield code="p">47131</subfield>
    <subfield code="r">2022-04-01 00:00:00</subfield>
    <subfield code="t">1</subfield>
    <subfield code="w">2022-04-01</subfield>
    <subfield code="y">BK</subfield>
    <subfield code="z">Donated by Biren Borkotoky Family</subfield>
  </datafield>
</record>
